Music Quiz

Random Music or Billboard Quiz

Musician by One-Word Songs Quiz Stats

 Plays Quiz Updated Aug 9, 2015

Challenge
Share
Tweet
Embed
Score 0/30 Timer 08:00
1 Play Today
% Correct
Toto
83.8%
Eric Clapton
83.3%
Rihanna
82.8%
Van Halen
80.8%
Pharrell Williams
80.7%
Olivia Newton-John
79.5%
Lorde
79.1%
Heart
75.6%
TLC
74.7%
George Michael
74.5%
Imagine Dragons
70.5%
Goo Goo Dolls
69.7%
U2
67.4%
Kool & The Gang
67.3%
Pearl Jam
66.5%
% Correct
Prince
65%
Elton John
64.2%
Shaggy
63.9%
Destiny's Child
63.2%
Alicia Keys
59.9%
The Cranberries
59.8%
Van Morrison
59.6%
The Rolling Stones
59.3%
Fleetwood Mac
57.4%
Kenny Rogers
56.8%
Aerosmith
56.7%
Nine Inch Nails
56.7%
Earth, Wind & Fire
56.5%
Elvis Costello
53.8%
Matchbox Twenty
44.5%

You're not logged in!

Compare scores with friends on all Sporcle quizzes.
OR
Log In

You Might Also Like...

Show Comments

Extras

Top Quizzes Today


Score Distribution

Your Account Isn't Verified!

In order to create a playlist on Sporcle, you need to verify the email address you used during registration. Go to your Sporcle Settings to finish the process.

Report this User

Report this user for behavior that violates our Community Guidelines.

Details: